00739nam a2200169 a 4500008004100000020001800041050001700059100002500076245020000101260004000301300003400341650004800375650004400423650005100467700002500518700002600543190521s2017 ||||||||||||||||| || u a9781119223832 aTA 418.9 Han aThakur, Vijay Kumar 10aHandbook of composites from renewable materials: volume 8 nanocomposites: advanced applications science and fundamentals cEdited by Vijay Kumar Thakur, Manju Kumari Thakur and Michael R. Kessler aHobokenbScrivener Publishingc2017 axx, 586 pages : illustrations aCOMPOSITE MATERIALS--HANDBOOKS,MANUALS, ETC aGREEN PRODUCTS --HANDBOOKS,MANUALS, ETC aBIODEGRADABLE PLASTICS--HANDBOOKS,MANUALS, ETC aKessler, Michael R.  aThakur, Manju Kumari